000 00231nam a22000857a 4500
008 160920b xxu||||| |||| 00| 0 eng d
100 _9662
_aGupta.B.C.
245 _aMicro & Macro Economics-XII
260 _aNew Delhi
_bAP Publications
_c2012
999 _c3319
_d3319